Widest Islands on the World Map - Statistics

General Stats
  • This quiz has been taken 170 times
  • The average score is 13 of 20
Answer Stats
Width (km) Island % Correct
1154 Greenland
87%
1131 Cuba
82%
1046 Java
81%
543 Great Britain
79%
1222 Borneo
78%
2189 New Guinea
78%
731 Madagascar
75%
1200 Sumatra
73%
993 Honshu
70%
510 Iceland
68%
532 North Island
68%
623 South Island
66%
653 Hispaniola
63%
488 Hokkaido
60%
1144 Baffin Island
59%
484 Luzon
53%
722 Sulawesi
50%
518 Mindanao
39%
680 Victoria Island
39%
534 Severny Island
11%
No matching quizzes found
Score Distribution
Percent of People with Each Score
Percentile by Number Answered
Your Score History
You have not taken this quiz